Open Data Biblioteca Nacional de Portugal


República Portuguesa: Ministério da Cultura
Biblioteca Nacional de Portugal

Catálogo da BNP: acesso por Identificadores Unívocos
Registos Bibliográficos associados ao registo de autoridade

Etiqueta de registo: 00230nam 2200025 450
001 1384388
003 http://id.bnportugal.gov.pt/bib/catbnp/1384388
010 ## $a989-50-0075-8
021 ## $aPT$b227268/05
100 ## $a20061027d2005 a y0pory0103 ba
101 1# $apor$ceng
102 ## $aPT
106 ## $ar
200 1# $aBatman Begins$e o álbum do filme$fadapt. Benjamin Harper$gtrad. Teresa Figueira
205 ## $a[1ª ed.]
210 #9 $aRio de Mouro$cEverest,$d2005
215 ## $a48 p.$cil.$d26 cm
675 ## $a087.5$vBN$zpor$3287999
675 ## $a821.111(73)-93"20"$vBN$zpor$31050222
702 #1 $aHarper,$bBenjamin$4010$31263924
702 #1 $aNolan,$bChristopher$4070$3432440
702 #1 $aAugusto,$bTeresa$4730$3901711
801 #0 $aPT$bBN$gRPC
900 ## $aBIBNAC$d20130602
966 ## $lBN$mFGMON$sP. 21988 V.$x1
966 ## $lBN$mFGMON$sP. 21988 V.-D $x1

Etiqueta de registo: 00230nam 2200025 450
001 1670627
003 http://id.bnportugal.gov.pt/bib/catbnp/1670627
010 ## $a989-50-0621-7
021 ## $aPT$b242316/06
100 ## $a20071105d2006 a y0pory0103 ba
101 1# $apor$ceng
102 ## $aPT
105 ## $aa z 000yy
106 ## $ar
200 1# $aSuperman returns$e o álbum do filme$fadapt. Benjamin Harper$gtrad. Maria João Rodrigues
210 #9 $aRio de Mouro$cEverest,$d2006
215 ## $a[48] p.$cil.$d28 cm
675 ## $a087.5$vBN$zpor$3287999
675 ## $a821.111(73)-93"19/20"$vBN$zpor$31236788
675 ## $a821.111(73)-312.9"19/20"$vBN$zpor$31236791
702 #1 $aHarper,$bBenjamin$4010$31263924
702 #1 $aRodrigues,$bMaria João$4730$328973
801 #0 $aPT$bBN$gRPC
900 ## $aBIBNAC$d20130602
966 ## $lBN$mFGMON$pEverest Editora$sP. 23284 V.$x1
966 ## $lBN$mFGMON$pEverest Editora$sP. 23284 V.-D $x1

Etiqueta de registo: 00254nam 2200025 450
001 2287522
003 http://id.bnportugal.gov.pt/bib/catbnp/2287522
010 ## $a978-989-589-238-9
021 ## $aPT$b561943/26
100 ## $a20260605d2026 cd y0pory01030103ba
101 1# $apor$ceng
102 ## $aPT
105 ## $aa z 000yy
106 ## $ar
200 1# $aSuper Mario galaxy - o filme$e o Mario levanta voo!$fadapt. Benjamin Harper
205 ## $a1ª ed.
210 #9 $aLisboa$cBooksmile,$d2026
215 ## $a31, [1] p.$cil.$d24 cm
304 ## $aTít. orig.: The super Mario galaxy movie : Mario takes off!
702 #1 $aHarper,$bBenjamin$4010$31263924
801 #0 $aPT$bBN$gRPC
966 ## $lBN$mFGMON$x1
966 ## $lBN$mFGMON$x1
971 ## $cabrito$d20260605

OpendataBNP@bnportugal.pt | Mais informação sobre acesso aos dados BNP